000 02668cam a2200349 i 4500
001 20129419
005 20251114065941.0
008 171103s2018 enka b 001 0 eng d
010 _a 2017959734
020 _a0198777132
020 _a9780198777137
035 _a(OCoLC)on1012749601
040 _aYDX
_beng
_cYDX
_erda
_dH2K
_dOCLCF
_dUKOBU
_dDLC
_dBSULIB
042 _alccopycat
050 0 0 _aHD58.7
_b.W548 2018
082 0 0 _a302.3/5
_223
_bWIL
100 1 _aWilson, Fiona M.
_q(Fiona Margaret),
_d1955-
_eauthor.
_924695
245 1 0 _aOrganizational behaviour and work :
_ba critical introduction /
_cFiona M. Wilson..
250 _a5th ed.
260 _aNew York:
_bOxford University Press;
_c2018.
300 _axix, 433 pages :
_bill. (some col.) ;
_c25 cm.
504 _aIncludes bibliographical references and index.
505 _aPart 1: Approaching management critically 1: --Setting the scene --2:Employees' views of work --3:Managerial views of work --4:The rationality of management --5:Sexuality, sex typing, and gender Part 2: Classic organizational behaviour and the critique --6:Motivation --7:Leadership --8:Perception --9:Personality --10:Organizational learning --11:Culture --12:Teams and teamworking --13:Structure --14:All change? Part 3: The core of critical approaches --15:Managerial power and control --16:Organizational misbehaviour --17:Voluntary, not-for-profit, and alternative organizations --18:Health, well-being, emotion, and stress
520 8 _aA critical yet accessible introduction to organisational behaviour and work, this book will help you understand the complexities of organisational life and evaluate modern business practices. Classic organisational behaviour topics such as team-working, motivation, and change are complemented by core critical approaches such as power and control, organisational misbehaviour, and health and well-being through a clear three-part structure. Students are encouraged to look beyond a descriptive approach and truly engage with the content. Examples and 'Stop and Think' boxes placed throughout chapters, as well as end-of-chapter case studies with accompanying questions, provide the opportunity for this engagement and show how each chapter's theoretical coverage applies in real-life business situations.
650 0 _aOrganizational behavior
_vTextbooks.
_924696
650 7 _aOrganizational behavior.
_2fast
_9625
655 7 _aTextbooks.
_2fast
_922766
906 _a7
_bcbc
_ccopycat
_d2
_encip
_f20
_gy-gencatlg
942 _2ddc
_cBK
999 _c12632
_d12632